Palmarès de la Liga Portugal - Statistiques

Statistiques générales
  • Ce quiz a été pris 200 fois
  • Le résultat moyen est 4 sur 5
Statistiques - réponses
Clubs Titre(S) % Correct
Porto 30
100%
Benfica Lisbonne 38
98%
Sporting CP 20
98%
Boavista 1
53%
Belenenses 1
26%
Aucun quiz correspondant
Distribution des résultats
% des personnes avec chaque résultat
Percentile par nombre de réponses
Votre historique - résultats
Vous n’avez pas pris ce quiz